| 000 | 01712cam a2200553 4500 | ||
|---|---|---|---|
| 008 | 090401t1992 xxu||||| |||| 00| 0 eng d | ||
| 020 | _a0851987273 | ||
| 035 | _a(Sirsi) u58520 | ||
| 041 | _aeng | ||
| 050 |
_a630.026 _c18 |
||
| 090 | _a630.026 | ||
| 245 |
_aAgrarian land law in the Western world _bessays about agrarian land policy and regulation in twelve countries of the Western world |
||
| 260 |
_aWallingford _bCAB International _c1992 |
||
| 300 |
_axvi, 280p. _c24cm. |
||
| 350 | _a0 | ||
| 520 | _aFourteen essays on the law relating to to agricultural, forest and other rural lands in the EC, Belgium, Denmark, France, Germany, Italy, the Netherlands, Norway, the UK, the USA, Canada, Australia and New Zealand. | ||
| 650 | _aEUROPEAN COMMUNITY | ||
| 650 | _aFRANCE | ||
| 650 | _aFEDERAL REPUBLIC OF GERMANY | ||
| 650 | _aITALY | ||
| 650 | _aNETHERLANDS | ||
| 650 | _aNEW ZEALAND | ||
| 650 | _aNORWAY | ||
| 650 | _aUNITED KINGDOM | ||
| 650 | _aUNITED STATES | ||
| 650 | _aAUSTRALIA | ||
| 650 | _aBELGIUM | ||
| 650 | _aDENMARK | ||
| 650 | _aCANADA | ||
| 690 | _aPROPERTY-RURAL AND NATURAL ASSETS | ||
| 700 |
_aGrossman, Margaret Rosso _xEditor |
||
| 700 |
_aBrussaard, Wim _xEditor |
||
| 700 | _aVelde, Menno van der | ||
| 700 | _aSnyder, Francis | ||
| 700 | _aGotzen, Rudi | ||
| 700 | _aWulff, Helge | ||
| 700 | _aLorvellec, Louis | ||
| 700 | _aWinkler, Wolfgang | ||
| 700 | _aPorru, Paola | ||
| 700 | _aTorgier, Austena | ||
| 700 | _aRodgers, Christopher P. | ||
| 700 | _aDombek, Carl F. | ||
| 700 | _aButton, Cynthia | ||
| 700 | _aBoer, Ben | ||
| 700 | _aSlatter, Michele | ||
| 700 | _aRound, David | ||
| 942 | _n0 | ||
| 948 | _c04/03/1997 | ||
| 999 |
_c94074 _d94074 |
||